Our little town : and other Cornish tales and fancies /

Bibliographic Details
Main Author: Lee, Charles James, 1870-
Format: Book
Language:English
Published: New York : Dutton, (1911)

MARC

Tag First Indicator Second Indicator Subfields
LEADER 00000cam a2200000 4500
001 in00000030756
005 20151007063020.0
008 730116s1911 nyu 00010 eng u
010 |a  12035376  
035 |a (OCoLC)00538650 
035 |9 AAD6345AM 
040 |c OBE  |d TXA  |d UtOrBLW 
049 |a TXAM  |c [8871] 
050 0 |a PR6023  |b .E807 1911 
092 |a 823  |b L477o 
100 1 |a Lee, Charles James,  |d 1870- 
245 1 0 |a Our little town :  |b and other Cornish tales and fancies /  |c by Charles Lee ... 
264 1 |a New York :  |b Dutton,  |c (1911) 
300 |a vii, 376 pages ;  |c 19 cm. 
336 |a text  |b txt  |2 rdacontent 
337 |a unmediated  |b n  |2 rdamedia 
338 |a volume  |b nc  |2 rdacarrier 
999 |a MARS 
999 f f |s 5e5e4616-50d6-33f0-ac02-5882a9c41f3b  |i 70c1a623-a1b4-3ffa-9e28-1546f9943a18  |t 0 
952 f f |p ric  |a Texas A&M University  |b Rellis Campus  |c Joint Library Facility  |d Remote Storage  |t 0  |e PR6023 .E807 1911  |h Library of Congress classification  |i unmediated -- volume  |m A14801323050 
998 f f |a PR6023 .E807 1911  |t 0  |l Remote Storage